00498nam a2200205Ia 4500003000900000008004100009040001300050040001300063041000800076100001900084245004900103250001200152260001200164260000900176300001100185300001000196490004000206490000600246600004000252IT-RoPAU120407s9999 xx 000 0 und d aIT-RoPAU cIT-RoPAU aita aBaruch Spinosa aTrattato politico . A cura di Dino Formaggio aTorino  aParavia c1950 a187 p. c20 cm aBiblioteca di filosofia e pedagogia v1 a"108 1/55 Ed. Carabba 1918"